Music Quiz

Random Music or Bands Quiz

Tracks on the Back: '70s Rock Albums Quiz Stats

 Plays Quiz Updated Jul 17, 2017

Support Sporcle.
Go Orange.
Score 0/20 Timer 05:00
5 Plays Today
Hint Answer % Correct
Fleetwood Mac - Rumours
87.7%
Pink Floyd - Dark Side of the Moon
86.4%
The Who - Who's Next
85.9%
Sex Pistols - Never Mind the Bollocks...
85.8%
Queen - Jazz
83.6%
The Rolling Stones - Sticky Fingers
82.5%
The Doors - L.A. Woman
81.6%
The Police - Outlandos d'Amour
80.8%
Black Sabbath - Paranoid
80.6%
John Lennon - Imagine
80.5%
Hint Answer % Correct
Santana - Abraxas
79.4%
Simon & Garfunkel - Bridge over Troubled Water
79.3%
The Kinks - Lola Versus Powerman and the Moneygoround, Part One
75.8%
Blondie - Parallel Lines
71.8%
Kansas - Point of Know Return
71.6%
Creedence Clearwater Revival - Pendulum
68.6%
Led Zeppelin - Physical Graffiti
57.3%
David Bowie - Aladdin Sane
55.8%
Yes - Relayer
43.1%
The Velvet Underground - Loaded
39.1%

You're not logged in!

Compare scores with friends on all Sporcle quizzes.
OR
Log In
Forgot?

From the Vault

Remove Ads.
Support Sporcle.
Get the best of Sporcle when you Go Orange. This ad-free experience offers more features, more stats, and more fun while also helping to support Sporcle. Thank you for becoming a member.

Show Comments

Extras

Top Quizzes Today


Score Distribution

Your Account Isn't Verified!

In order to create a playlist on Sporcle, you need to verify the email address you used during registration. Go to your Sporcle Settings to finish the process.

Report this User

Report this user for behavior that violates our Community Guidelines.

Details: